Регионална библиотека "Любен Каравелов" - Русе

Минало и съвременност (Запис номер 168367)

MARC детайли
000 -Лидер
Контролно поле с фиксирана дължина 01306nam a2200325 c 4500
003 - Код на организацията, давaща контролен номер
Контролно поле BLK
005 - Дата и час на последна редакция
Контролно поле 20240227005321.0
008 - Елементи от данни с фиксирана дължина
fixed length control field 180411b bul|||||r ||||||| ||bul||
010 ## - Наследен системен номер
LC control number KNG00176255000
040 ## - Източник на каталожния запис
Идентификатор на билиотеката - собственик на записа BLK
041 ## - Код за език
Код за езика на текст/звукозапис или на отделно заглавие Български
Код за езика КДБФ Български
080 ## - УДК
Текстов определител УДК Българска литература
УДК код - определител по УДК 821.163.2
УДК определител -4
УДК - код + определител 821.163.2-4
100 1# - Редна дума - Автор
Автор Каранфилов, Ефрем Спиров
Дати, свързани с автора 1915-1998
Автор - информация (биография) Есеист и публицист, литературен критик
R(LIN) 76829
139 ## - Редно поле
Редна дума Каранфилов, Ефрем Спиров
Авторски знак Каран - К 34
245 10 - Сведения за заглавието
Заглавие Минало и съвременност
Подзаглавни данни Есета
Редно поле (дума) Ефрем Спиров Каранфилов.
257 ## - Страна на издаване
Страна на създаване/издаване България
260 ## - Област на издателските данни
Място на издаване, разпространение и проч. София
Име на издателя, разпространителя и проч. ОФ
Година на издаване 1972
300 ## - Физическа характеристика
Страници 336 с.
Размери/Мащаб 20 см
380 ## - Жанр
Жанр Худож. лит.
500 ## - Общи забележки
Забележка 8 100 тир. Съдържа разделите: Родината - вчера и днес. В скритите гънки на ежедневието и Из бележника на критика
653 ## - Ключова дума – ненормативна
Ключова дума есета
852 ## - Местоположение
Форматна сигнатура Цб 63041
Фондова буква Хранилище
856 4# - Електронен адрес и достъп
Електронен формат pdf - файл
856 4# - Електронен адрес и достъп
Електронен формат pdf - файл
999 ## - СИСТЕМНИ КОНТРОЛНИ НОМЕРА
Koha biblionumber 168367
Koha biblioitemnumber 168367
942 ## - АРТИКУЛИ
Вид на библиотечния материал Книги
Скрит в OPAC Не
Периодичен библиозапис Да
944 ## - СЪЗДАВАНЕ И РЕДАКЦИЯ на ЗАПИСА
Създаване/Редакция Създаване
Дата на регистрацията/редакция 02.06.2015
Статус, дата на статуса CRON CRON
Служител, извършил регистрацията/редакцията
944 ## - СЪЗДАВАНЕ И РЕДАКЦИЯ на ЗАПИСА
Създаване/Редакция Редакция
Дата на регистрацията/редакция 11.09.2017
Статус, дата на статуса ф /
Служител, извършил регистрацията/редакцията Пенка_Димитрова
944 ## - СЪЗДАВАНЕ И РЕДАКЦИЯ на ЗАПИСА
Създаване/Редакция Редакция
Дата на регистрацията/редакция 2022-07-29
Служител, извършил регистрацията/редакцията ВП
999 ## - СИСТЕМНИ КОНТРОЛНИ НОМЕРА
Koha biblioitemnumber 168367
Наличности
Код за отписване Код за изгубен артикул Източник на класификационната схема Код за повреда Коз за рестрикции Код за отдаване Артикулен № Име на библиотеката - собственик Име на библиотеката, в която се намира в момента Статус (Текущо местоположение) Дата на вписване в системата Местоположение - отдел Цена в лева Инвентарен номер Систематично азбучна сигнатура Баркод Номер на екземпляра Цена в евро Служебна бележка Служебен тип на артикула Бележка за публиката
  Не е изгубен Universal Decimal Classification Не е повреден без рестрикции ползва се в читалня 284232 Регионална библиотека "Любен Каравелов" Русе Регионална библиотека "Любен Каравелов" Русе Хранилище 1972-01-01 Хранилище 1.60 118119 Цб 63041 120000118119 1 0.82 Дост: Dp Вид: Д N: стар фонд Дата: 01.01.1972 Книги  
Изтеглен Не е изгубен Universal Decimal Classification Не е повреден без рестрикции заемане за дома 284233 Регионална библиотека "Любен Каравелов" Русе Регионална библиотека "Любен Каравелов" Русе Заемна - подръчен фонд 1972-01-01 Заемна - подръчен фонд 1.60 117205 П 886.7-4/К 34 117205 2 0.82 Дост: Pk Вид: Ф N: стар фонд Дата: 01.01.1972 Книги  
Изтеглен Не е изгубен   Не е повреден без рестрикции заемане за дома 284234 Регионална библиотека "Любен Каравелов" Русе Регионална библиотека "Любен Каравелов" Русе   1972-01-01 Заемна - подръчен фонд 1.60 117206 П 886.7-4/К 34 117206 3 0.82 Дост: Pk Вид: Ф N: стар фонд Дата: 01.01.1972 Книги Отч.N: 11/2018 , Дата: 02.02.2018
Изтеглен Не е изгубен Universal Decimal Classification Не е повреден без рестрикции заемане за дома 284235 Регионална библиотека "Любен Каравелов" Русе Регионална библиотека "Любен Каравелов" Русе Заемна - подръчен фонд 1972-01-01 Заемна - подръчен фонд 1.60 117207 П 886.7-4/К 34 117207 4 0.82 Дост: Pk Вид: Ф N: стар фонд Дата: 01.01.1972 Книги  
Изтеглен Не е изгубен   Не е повреден без рестрикции заемане за дома 284236 Регионална библиотека "Любен Каравелов" Русе Регионална библиотека "Любен Каравелов" Русе   1972-01-01 Детски отдел 1.60 117398 ДХ 886.7/К 34 117398 5 0.82 Дост: Pk Вид: Ф N: стар фонд Дата: 01.01.1972 Дата инв: 03.09.2015 Бележки инв: Д2015 Книги Отч.N: 26/2017 , Дата: 15.08.2017
Vip Innovations Ltd, Rousse, Bulgaria 2025